|
|
|
|
| LEADER |
01361nam a2200313 a 4500 |
| 001 |
00024025 |
| 008 |
111214s2010 flua b 001 0 eng d |
| 010 |
|
|
|a 2009024445
|
| 020 |
|
|
|a 9781439809594
|
| 020 |
|
|
|a 1439809593
|
| 040 |
|
|
|a DLC
|c DLC
|d YDX
|d YDXCP
|d DLC
|d BD-DhAAL
|
| 082 |
0 |
0 |
|a 005.8
|2 22
|
| 245 |
0 |
0 |
|a Official (ISC)2 guide to the CISSP CBK /
|c edited by Harold F. Tipton ; contributors, Paul Baker ... [et al.].
|
| 246 |
3 |
|
|a Official (ISC)2 guide to the CISSP CBK
|
| 250 |
|
|
|a 2nd ed.
|
| 260 |
|
|
|a Boca Raton, FL :
|b CRC Press,
|c c2010.
|
| 300 |
|
|
|a xxiii, 939 p. :
|b ill. ;
|c 25 cm. +
|e 1 CD-ROM (4 3/4 in.)
|
| 490 |
1 |
|
|a The (ISC)2 Press series
|
| 500 |
|
|
|a "An Auerbach book"
|
| 504 |
|
|
|a Includes bibliographical references and index.
|
| 541 |
1 |
|
|e 00024025
|
| 650 |
|
0 |
|a Electronic data processing personnel
|x Certification.
|
| 650 |
|
0 |
|a Computer security
|x Examinations
|v Study guides.
|
| 650 |
|
0 |
|a Computer networks
|x Examinations
|v Study guides.
|
| 700 |
1 |
|
|a Tipton, Harold F.
|
| 852 |
1 |
|
|a Ayesha Abed Library
|j General shelf
|
| 856 |
4 |
2 |
|3 Contributor biographical information
|u http://www.loc.gov/catdir/enhancements/fy1101/2009024445-b.html
|
| 999 |
|
|
|c 11604
|d 11604
|
| 952 |
|
|
|0 0
|1 0
|4 0
|6 005_800000000000000_OFF
|7 0
|9 18885
|a BRACUL
|b BRACUL
|c GEN
|d 2011-12-14
|e Parash Publishers
|g 4700.00
|l 0
|o 005.8 OFF
|p 3010024025
|r 2011-12-14
|t 1
|w 2011-12-14
|y BK
|